Golf und Buchten auf der Weltkarte - Statistiken

Allgemein
  • Dieses Quiz wurde 32 mal gespielt
  • Das Durchschnittsergebnis liegt bei 9 aus 16
Antworten auf der Karte
Die Antworten werden auf der Karte rot bzw. grün angezeigt, abhängig davon wie oft sie richtig erraten wurden.
 
Antwortstatistiken
Golf/Bucht % Korrekt
Golf von Mexiko
100%
Persischer Golf
89%
Golf von Guinea
82%
Biskaya
71%
Golf von Aden
68%
Hudson Bay
64%
Bottnischer Meerbusen
61%
Golf von Kalifornien
61%
Finnischer Meerbusen
57%
Golf von Alaska
57%
Golf von Thailand
57%
Baffin Bay
50%
Golf von Bengalen
50%
Golf von Carpentaria
21%
{Große} {Australische} Bucht
21%
Sankt-Lorenz-Golf
11%
Keine übereinstimmenden Quizze gefunden
Verteilung der Resultate
Anzahl Personen mit jedem Resultat
Perzentil nach korrekt beantworteten Fragen
Ihre Resultats-Entwicklung
Sie haben dieses Quiz noch nicht gespielt